000 00797nam a2200253Ia 4500
003 OSt
005 20221005104220.0
006 a|||||r|||| 00| 0
007 ta
008 221004b |||||||| |||| 00| 0 hin d
024 _a23319
037 _cTextual
040 _aCRL
_cCRL
_bhin
041 _2hin
_ahin
082 _aO152,1:g, N3
100 _aसुखबीर सिंह
245 0 _aकविता के नये सीमान्त
246 _aKavitā ke naye sīmānta
260 _aदिल्ली
_bपराग प्रकाशन भारत
_c1993
300 _a108पृ0
_ccm.
650 _aहिन्दी साहित्य
942 _hO152,1:g, N3
_cTEXL
_2cc
999 _c1012048
_d1012048